000 00755nam a2200289Ia 4500
005 20260324133542.0
008 008 260324s9999 xx 000 0 eng d
020 _a9780203954423
037 _aEBOOK
040 _aCRL
040 _beng
040 _cCRL
041 _2eng
041 _aeng
084 _qCRL
100 _aElizabeth Lowe
_91193523
245 4 _aThe Contested Theological Authority of Thomas Aquinas
245 4 _bThe Controversies Between Hervaeus Natalis and Durandus of St. Pourcain, 1307-1323
260 _bTaylor and Francis
260 _c2003
365 _a
365 _b255
856 _uhttp://www.taylorfrancis.com/books/9780203954423
942 _cEBOOK
999 _c1792669
_d1792669